The India they saw (Record no. 58374)
[ view plain ]
| 000 -LEADER | |
|---|---|
| fixed length control field | 01837nam a22003377a 4500 |
| 005 - DATE AND TIME OF LATEST TRANSACTION | |
| control field | 20111115114546.0 |
| 008 - FIXED-LENGTH DATA ELEMENTS--GENERAL INFORMATION | |
| fixed length control field | 111115t xxu||||| |||| 00| 0 eng d |
| 010 ## - LCCN (DPL NO) | |
| LC control number | ENG-104104-107 |
| 020 ## - INTERNATIONAL STANDARD BOOK NUMBER | |
| International Standard Book Number | 9788184301069 |
| Terms of availability | 750.00 (v.1) |
| 020 ## - INTERNATIONAL STANDARD BOOK NUMBER | |
| International Standard Book Number | 9788184301076 |
| Terms of availability | 750.00 (v.2) |
| 020 ## - INTERNATIONAL STANDARD BOOK NUMBER | |
| International Standard Book Number | 9788184301083 |
| Terms of availability | 750.00 (v.3) |
| 020 ## - INTERNATIONAL STANDARD BOOK NUMBER | |
| International Standard Book Number | 9788184301090 |
| Terms of availability | 750.00 (v.4) |
| 035 ## - SYSTEM CONTROL NUMBER | |
| System control number | EN-87637-640 |
| 037 ## - SOURCE OF ACQUISITION | |
| Source of stock number/acquisition | DBAD/PUB |
| 040 ## - CATALOGING SOURCE | |
| Original cataloging agency | DPL |
| Language of cataloging | Eng |
| 082 ## - DEWEY DECIMAL CLASSIFICATION NUMBER | |
| Classification number | 954.01 |
| 100 ## - MAIN ENTRY--PERSONAL NAME | |
| 9 (RLIN) | 35819 |
| 245 ## - TITLE STATEMENT | |
| Title | The India they saw |
| 260 ## - PUBLICATION, DISTRIBUTION, ETC. (IMPRINT) | |
| Place of publication, distribution, etc | New Delhi |
| Name of publisher, distributor, etc | Ocean Books |
| Date of publication, distribution, etc | 2011 |
| 270 ## - ADDRESS | |
| Address | 4/19, Asaf Ali Road |
| City | New Delhi |
| Postal code | 110002 |
| 300 ## - PHYSICAL DESCRIPTION | |
| Extent | 4V.(xxv,415p. ; xviii,319p.; xxiv,419p.; xxiv,xxiv,458p.) |
| Dimensions | 24cm (Hb) |
| 500 ## - GENERAL NOTE | |
| General note | Includes bibliographical references and index |
| 505 ## - FORMATTED CONTENTS NOTE | |
| Formatted contents note | v.1-Foreign accounts : 5th century BC-7th century AD ; edited by Sandhya Jain ; v.2-foreign accounts : 8th-15th centuries ; edited by Meenakshi Jain ;v.3-foreign accounts : 16th-17th centuries ; edited by Meenakshi Jain ; v.4-foreign accounts : 18th-mid 19th century ; edited by Meenakshi Jain |
| 700 ## - ADDED ENTRY--PERSONAL NAME | |
| 9 (RLIN) | 35820 |
| Personal name | Jain, Sandhya |
| 700 ## - ADDED ENTRY--PERSONAL NAME | |
| Personal name | Jain,, Meenakshi |
| 9 (RLIN) | 35822 |
| 942 ## - ADDED ENTRY ELEMENTS (KOHA) | |
| Source of classification or shelving scheme | Dewey Decimal Classification |
| Item type | English Books |
| Classification part | 954.01 |
| Call number suffix | IND |
| Withdrawn status | Lost status | Source of classification or shelving scheme | Materials specified (bound volume or other part) | Damaged status | Not for loan | Collection code | Home library | Current library | Date acquired | Source of acquisition | Cost, normal purchase price | Total Checkouts | Full call number | Barcode | Date last seen | Copy number | Cost, replacement price | Koha item type |
|---|---|---|---|---|---|---|---|---|---|---|---|---|---|---|---|---|---|---|
| Dewey Decimal Classification | v.1 | Not For Loan | Non-fiction | D.B.Act.Division | D.B.Act.Division | 15/11/2011 | DBAD/PUB | 750.00 | 954.01 IND | EN-87637 | 15/11/2011 | 1 | 750.00 | English Books | ||||
| Dewey Decimal Classification | v.2 | Not For Loan | Non-fiction | D.B.Act.Division | D.B.Act.Division | 15/11/2011 | DBAD/PUB | 750.00 | 954.01 IND | EN-87638 | 15/11/2011 | 1 | 750.00 | English Books | ||||
| Dewey Decimal Classification | v.3 | Not For Loan | Non-fiction | D.B.Act.Division | D.B.Act.Division | 15/11/2011 | DBAD/PUB | 750.00 | 954.01 IND | EN-87639 | 15/11/2011 | 1 | 750.00 | English Books | ||||
| Dewey Decimal Classification | v.4 | Not For Loan | Non-fiction | D.B.Act.Division | D.B.Act.Division | 15/11/2011 | DBAD/PUB | 750.00 | 954.01 IND | EN-87640 | 15/11/2011 | 1 | 750.00 | English Books |
